Which Souls Game is This Location From? - Statistics

General Stats
  • This quiz has been taken 7 times
  • The average score is 15 of 16
Answer Stats
Picture Answer % Correct
Bloodborne
100%
Bloodborne
100%
Bloodborne
100%
Dark Souls I
100%
Dark Souls I
100%
Dark souls II
100%
Dark Souls II
100%
Dark souls III
100%
Dark Souls III
100%
Elden Ring
100%
Elden Ring
100%
Sekiro: Shadows Die Twice
100%
Sekiro: Shadows Die Twice
100%
Sekiro: Shadows Die Twice
86%
Demon's Souls
71%
Demon's Souls
71%
No matching quizzes found
Score Distribution
Percent of People with Each Score
Percentile by Number Answered
Your Score History
You have not taken this quiz